000 00978cam a2200289 i 4500
999 _c60801
_d60801
001 60801
003 Mx-PuUPA
005 20200527205802.0
008 140415s1967 nyuac r 000 0 eng d
040 _aMx-PuUPA
_bspa
_cMx-PuUPA
_dMx-PuUPA
_erda
041 0 _aeng
100 1 _aVirch, Claus,
_eautor
245 1 0 _aFrancisco Goya /
_cClaus Virch
264 4 _aNew York :
_bMcGraw-Hill,
_c©1967
300 _a48 páginas :
_bilustraciones, retratos ;
_c29 cm +
_e1 planilla (20 diapositivas)
336 _atexto
_2rdacontent
_btxt
336 _aimagen fija
_2rdacontent
_btxt
337 _asin medio
_2rdamedia
_bn
337 _asin medio
_2rdamedia
_bn
338 _avolumen
_2rdacarrier
_bnc
338 _adiapositiva
_2rdacarrier
_bgs
538 _aFilmina montada en un formato rígido para uso con un proyector de diapositivas.
600 1 4 _aGoya, Francisco de, 1746 - 1828
942 _2ddc
_cLI
_h920
_iV813